| 000 | 009670am a2200241 004500 | ||
|---|---|---|---|
| 003 | EG-GiCUC | ||
| 008 | 080730s1966 ua g 000 0 ara d | ||
| 040 |
_aEG-GiCUC _bara _cEG-GiCUC |
||
| 043 | _af-ua--- | ||
| 092 | 0 | 4 |
_a338.477461 _bH639 _221 |
| 099 |
_a04 _a338.477461 H639 |
||
| 100 | 1 | _aحجازى : عبد العزيز | |
| 245 | 1 | 2 |
_aالتكاليف النمطية فى صناعة الغزل والمنسوجات القطنية فى الجمهورية العربية المتحدة / _cعبد العزيز حجازى |
| 260 |
_aالقاهرة : _bدار النهضة العربية : _c1966 |
||
| 300 |
_a627ص ؛ _c24سم |
||
| 650 | 7 |
_aالغزل والنسيج _xاقتصاديات _2qrmak |
|
| 651 | 7 |
_aمصر _xالاحوال الاقتصادية _2qrmak |
|
| 902 | _a1 | ||
| 905 |
_aرضا _eمدخل |
||
| 905 |
_aمنى _eمراجع |
||
| 942 |
_2ddc _cBK |
||
| 999 |
_c101046 _d101046 |
||